| 000 | 00746nam a2200205 i 4500 | ||
|---|---|---|---|
| 001 | 81256 | ||
| 003 | ES-MaACL | ||
| 005 | 20250708063322.0 | ||
| 007 | t| | ||
| 008 | 041103s1983 sp ||||1| spa d | ||
| 100 | 1 |
_aHume, David, _d1711-1776 _964719 |
|
| 245 | 1 | 0 |
_aAbstract _b: resúmen de un libro recientemente publicado que lleva por título Tratado de la naturaleza humana / _cHume ; introducción, traducción, notas y ejercicios, Alicia Olabuenaga. |
| 260 |
_a[Barcelona] : _bHumanitas, _c[1983] |
||
| 300 |
_a134 p. : _bil. ; _c21 cm. |
||
| 490 | 1 | _aMaterial didáctico | |
| 700 | 1 |
_aOlabuenaga, Alicia. _986636 |
|
| 830 | 0 |
_aMaterial didáctico _9183700 |
|
| 852 |
_aES-MaACL _jL-5715 _bR.106239 |
||
| 999 |
_c81256 _d81256 |
||